000 00533nam a2200205Ia 4500
003 OSt
005 20230519053204.0
008 210423s2001 xx 000 0 und d
040 _cAL
041 _aeng
082 _a338.9
_223
_bDEBD
100 _aDEB (Kalipada)
_9109222
245 _aDevelopment and disparities
260 _aJaipur
_bRawat Publications
_c2001
365 _b850
_cINR
650 _aEconomics
_9109223
650 _aEconomics of Development
_9109224
906 _aDevelopment ; disparities
942 _2ddc
_cBK
999 _c172500
_d172500